ნორმალური ფორმატი
MARC ფორმატი
ჩანაწერი Personal Name
ჩანაწერთა რაოდენობა, რომელიც გამოყენებულია: 2
001 - CONTROL NUMBER
- control field: 9343
003 - CONTROL NUMBER IDENTIFIER
- control field: GE_BSU
005 - DATE AND TIME OF LATEST TRANSACTION
- control field: 20200826221101.0
008 - FIXED-LENGTH DATA ELEMENTS
- fixed length control field: 200826|| aca||aabn | a|a d
040 ## - CATALOGING SOURCE
- Original cataloging agency: GE_BSU
- Transcribing agency: GE_BSU
100 ## - HEADING--PERSONAL NAME
- Personal name: ჯორბენაძე, სერგი
670 ## - SOURCE DATA FOUND
- Source citation: Work cat.: (GE_BSU)53254: ჯორბენაძე, სერგი, ხელშეკრულების თავისუფლება სამოქალაქო სამართალში /
